Alone with the devil famous cases of a courtroom psychiatrist
Kaydedildi:
| Yazar: | |
|---|---|
| Materyal Türü: | Kitap |
| Dil: | İngilizce |
| Baskı/Yayın Bilgisi: |
Doubleday,
1989
|
| Etiketler: |
Etiketle
Etiket eklenmemiş, İlk siz ekleyin!
|
MARC
| LEADER | 00000nam a22000007a 4500 | ||
|---|---|---|---|
| 008 | 201215b ||||| |||| 00| 0 eng d | ||
| 020 | |a ISBN: 978-038-524427-5 | ||
| 100 | |a MARKMAN, Ronald | ||
| 245 | |a Alone with the devil |b famous cases of a courtroom psychiatrist |c Ronald Markman and Dominick Bosco |g 308p.; ill. | ||
| 260 | |b Doubleday, |c 1989 |h New York |i 682240 |l RA1151 .M34 |m Forensic psychiatry – United States – Case studies |m Insanity (Law) – United States | ||
| 942 | |a lcc |c BK |e Olagoke, M.A |f 15/12/2020 | ||
| 952 | |0 0 |1 0 |2 lcc |4 0 |6 RA1151 M34 |7 0 |9 533 |a HOL |b HOL |c QZ |d 2020-12-15 |l 0 |o RA1151 .M34 |p 2020-2255 |r 2020-12-15 00:00:00 |w 2020-12-15 |y BK | ||
| 999 | |c 290 |d 290 | ||